| 000 | 00718nam a2200181Ia 4500 | ||
|---|---|---|---|
| 001 | 11700 | ||
| 005 | 20260306162847.0 | ||
| 008 | 260306t1983||||xx |||||||||||||| ||spa|| | ||
| 041 | _aESP | ||
| 082 |
_a987.041 _bB38 |
||
| 100 |
_aBelaúnde, Víctor Andrés _eAUT |
||
| 245 | 0 | _aBolivar y el pensamiento político de la revolución hispanoamericana | |
| 260 | _c1983 | ||
| 300 |
_aLos antecedentes hispánicos - Influencias externas - La ideología reformista - El espíritu nacionalista de las insurrecciones del siglo XVIII - Las ideas de los precursores - La revolución de España y su repercusión en América - La insurrección de lo : _ccm. |
||
| 650 | _aGEN | ||
| 654 | _aCHU | ||
| 942 |
_cLIB _dJUS _fJUS _2ddc _n |
||
| 999 |
_c11700 _d11700 |
||